000 00403nam a22001577a 4500
003 OSt
005 20211221094419.0
008 211221b |||||||| |||| 00| 0 eng d
020 _a0070286329
040 _cHU
082 _a001.424/HEY
100 _aHeyman
_923711
245 _aStochastic Models In Operations Research
260 _c1982
942 _2ddc
_cBOOKS
_h001.424/HEY
_n0
999 _c23043
_d23043